| 000 | 00539nam a2200217Ia 4500 | ||
|---|---|---|---|
| 003 | OSt | ||
| 005 | 20230228161647.0 | ||
| 008 | 210719s1996 xx 000 0 und d | ||
| 040 | _cAL | ||
| 041 | _aeng | ||
| 082 | _a311/110 GUPS | ||
| 100 |
_aGUPTA (S P) _973668 |
||
| 245 | _aStatistical methods | ||
| 260 |
_aND _bS. Chand & Co. Ltd. _c1996 |
||
| 300 | _bPB | ||
| 365 |
_b175 _cRs |
||
| 650 |
_aMathematical Statistics _973669 |
||
| 650 |
_aMathematical Statistics _973669 |
||
| 906 | _amethods ; Statistical | ||
| 942 |
_2ddc _cDB |
||
| 999 |
_c213241 _d213241 |
||